The essential Calvin and Hobbes : (No. rekod 1818)

000 -LEADER
fixed length control field 01599cam a22002535a 4500
003 - CONTROL NUMBER IDENTIFIER
control field KPN
005 - DATE AND TIME OF LATEST TRANSACTION
control field 20260416151629.0
008 - FIXED-LENGTH DATA ELEMENTS--GENERAL INFORMATION
fixed length control field 20260416b 00| 0 my d
020 ## - INTERNATIONAL STANDARD BOOK NUMBER
International Standard Book Number 9780836218053
Qualifying information paperback
Terms of availability RM125.31
040 ## - CATALOGING SOURCE
Transcribing agency KPN
082 ## - DEWEY DECIMAL CLASSIFICATION NUMBER
Classification number BI FK WAT 1988
Edition number 23
100 1# - MAIN ENTRY--PERSONAL NAME
Personal name Watterson, Bill.
240 10 - UNIFORM TITLE
Uniform title Calvin and Hobbes.
Form subheading Selections
245 14 - TITLE STATEMENT
Title The essential Calvin and Hobbes :
Remainder of title a Calvin and Hobbes treasury /
Statement of responsibility, etc. Bill Watterson.
260 ## - PUBLICATION, DISTRIBUTION, ETC.
Place of publication, distribution, etc. Kansas City :
Name of publisher, distributor, etc. Andrews and McMeel,
Date of publication, distribution, etc. 1988.
300 ## - PHYSICAL DESCRIPTION
Extent 254 p. :
Other physical details all ill. (some col.) ;
Dimensions 29 cm.
521 ## - TARGET AUDIENCE NOTE
Target audience note Beginning with the day Hobbes sprang into Calvin's tuna fish trap, the first two Calvin and Hobbes collections, Calvin and Hobbes and Something Under The Bed Is Drooling , are brought together in this treasury. Including black-and-white dailies and color Sundays, The Essential Calvin and Hobbes also features an original full-color 16-page story.<br/><br/>Perhaps the most brilliant comic strip ever created, Calvin and Hobbes continues to entertain with dazzling cartooning and tremendous humor.<br/>Bill Watterson's Calvin and Hobbes has been a worldwide favorite since its introduction in 1985. The strip follows the richly imaginative adventures of Calvin and his trusty tiger, Hobbes. Whether a poignant look at serious family issues or a round of time-travel (with the aid of a well-labeled cardboard box), Calvin and Hobbes will astound and delight you.
650 ## - SUBJECT ADDED ENTRY--TOPICAL TERM
Source of heading or term Tigers
General subdivision Fiction
Source of heading or term Big Cats
General subdivision Fiction
Source of heading or term Cartoons and comics.
Source of heading or term Cartoons and comics.
Source of heading or term Toys
General subdivision Fictions
942 ## - ADDED ENTRY ELEMENTS (KOHA)
Source of classification or shelving scheme
Koha item type Book
Suppress in OPAC No
Pemilik
Withdrawn status Lost status Source of classification or shelving scheme Damaged status Not for loan Collection code Home library Current library Shelving location Date acquired Total Checkouts Full call number Barcode Date last seen Price effective from Koha item type
          Fiction Perpustakaan Kementerian Perpaduan Malaysia Perpustakaan Kementerian Perpaduan Malaysia Children Fiction Rack 16/04/2026   BI FK WAT 1988 KPN26040052 16/04/2026 16/04/2026 Book